000 00711nab a2200229 u 4500
001 08728
003 HDC
007 cr bn ---aaaaa
008 210131c mydr|nes 0 a may d
040 _aHDC
245 0 _aMencari kualiti produk
260 _aKuala Lumpur :
_bUTUSAN MALAYSIA,
_c2012
336 _atext
_2rdacontent
337 _acomputer
_2rdamedia
338 _aonline resource
_2rdacarrier
650 _aBusiness industry
_96119
650 _aCosmetics
_924
856 _zRequest full-text at [email protected]
942 _2lcc
942 _cNEWS
942 _kNWSC 002876
999 _c6051
_d6051